[Event "Asia-ch U20"]
[Site "Waskaduwa"]
[Date "2025.07.03"]
[Round "9"]
[White "Aswath, S."]
[Black "Rakhmatullaev, Muhammadsoli"]
[Result "1/2-1/2"]
[WhiteElo "2507"]
[BlackElo "2154"]
[PlyCount "100"]
[EventDate "2025.06.27"]
[EventType "swiss"]
[EventRounds "9"]
[EventCountry "SRI"]
[SourceTitle "CB28_2025"]
[SourceDate "2025.07.09"]
[SourceVersion "1"]
[SourceVersionDate "2025.07.09"]
[SourceQuality "1"]

1. d4 Nf6 2. c4 e6 3. Nf3 d5 4. g3 Bb4+ 5. Nbd2 dxc4 6. Bg2 b5 7. a3 Be7 8. Ne5 Nd5 9. 0-0 0-0 10. b3 c5 11. bxc4 bxc4 12. Ndxc4 Ba6 13. Qb3 cxd4 14. Bb2 f6 15. Nf3 Nc6 16. Qa4 Bb7 17. Rab1 Nb6 18. Nxb6 axb6 19. Qc4 Qd7 20. Bh3 f5 21. Nxd4 Nxd4 22. Qxd4 Qxd4 23. Bxd4 Rxa3 24. Rxb6 Bd5 25. Bg2 Rd8 26. e3 Rb3 27. Rb5 Rb4 28. Rxb4 Bc4 29. Rb3 Bxb3 30. Ra1 Bd5 31. Ra7 Bf6 32. Bxf6 gxf6 33. Re7 Bc4 34. Bf3 Rb8 35. h3 Rb1+ 36. Kh2 Rb2 37. Kg2 h6 38. Rd7 Rb6 39. g4 fxg4 40. hxg4 e5 41. Kg3 Bf7 42. Bd1 Rb2 43. Rd6 Kg7 44. Bf3 Rb1 45. Rd7 Kf8 46. Rd6 Kg7 47. Be2 Rb2 48. Bd1 Rb1 49. Kg2 Rb2 50. Rd7 Kf8 1/2-1/2

[Event "Asia-ch U20"]
[Site "Waskaduwa"]
[Date "2025.06.30"]
[Round "5"]
[White "Aswath, S."]
[Black "Jain, Kashish Manoj"]
[Result "1/2-1/2"]
[WhiteElo "2507"]
[BlackElo "2429"]
[PlyCount "82"]
[EventDate "2025.06.27"]
[EventType "swiss"]
[EventRounds "9"]
[EventCountry "SRI"]
[SourceTitle "CB28_2025"]
[SourceDate "2025.07.09"]
[SourceVersion "1"]
[SourceVersionDate "2025.07.09"]
[SourceQuality "1"]

1. d4 d5 2. c4 c6 3. Nf3 Nf6 4. e3 Bf5 5. Nc3 e6 6. Nh4 Be4 7. f3 Bg6 8. Bd2 Be7 9. Nxg6 hxg6 10. Qc2 dxc4 11. Bxc4 Nd5 12. 0-0-0 Nb4 13. Qe4 Nd7 14. a3 Nd5 15. Qc2 Qb8 16. Nxd5 cxd5 17. Bd3 0-0 18. Kb1 Rc8 19. Qb3 Nb6 20. Bb4 Bxb4 21. Qxb4 Nc4 22. Bxc4 Rxc4 23. Qe7 Qc7 24. Qxc7 Rxc7 25. Rc1 Rac8 26. h4 f6 27. Rxc7 Rxc7 28. Rc1 Rxc1+ 29. Kxc1 Kf7 30. Kc2 Ke7 31. Kc3 Kd6 32. Kb4 Kc6 33. Ka5 f5 34. b3 Kd7 35. Kb5 Kc7 36. a4 Kd6 37. Kb4 Ke7 38. Kc5 Kd7 39. a5 Kc7 40. Kb5 Kd7 41. Kc5 Kc7 1/2-1/2

[Event "Asia-ch U20"]
[Site "Waskaduwa"]
[Date "2025.06.30"]
[Round "6"]
[White "Sourath, Biswas"]
[Black "Aswath, S."]
[Result "1-0"]
[WhiteElo "2201"]
[BlackElo "2507"]
[PlyCount "156"]
[EventDate "2025.06.27"]
[EventType "swiss"]
[EventRounds "9"]
[EventCountry "SRI"]
[SourceTitle "CB28_2025"]
[SourceDate "2025.07.09"]
[SourceVersion "1"]
[SourceVersionDate "2025.07.09"]
[SourceQuality "1"]

1. Nf3 Nf6 2. e3 d5 3. c4 e6 4. Nc3 Nbd7 5. b3 Bd6 6. d4 c6 7. Bb2 0-0 8. Bd3 b6 9. 0-0 Bb7 10. Qe2 Qe7 11. Rad1 Rad8 12. e4 dxe4 13. Nxe4 Nxe4 14. Qxe4 f5 15. Qe3 Rfe8 16. Rfe1 c5 17. d5 exd5 18. Bxf5 Qxe3 19. Rxe3 Rxe3 20. fxe3 d4 21. exd4 Bxf3 22. gxf3 cxd4 23. Bxd4 Nc5 24. Bc2 Re8 25. Kf2 Bxh2 26. Bxh7+ Kf7 27. Bc2 a5 28. Rh1 Be5 29. Bxe5 Rxe5 30. Rd1 Rh5 31. Ke3 Rh2 32. Rd2 Rh1 33. Rd6 Rh6 34. Rd2 Rh1 35. Kd4 Rh8 36. Re2 Ne6+ 37. Kc3 Kf6 38. Be4 g5 39. Rd2 Ke7 40. b4 axb4+ 41. Kxb4 Nc5 42. Bc6 Rh1 43. Ka3 Rg1 44. Rb2 Kd6 45. Bd5 Kc7 46. Rh2 g4 47. Rh7+ Kd8 48. fxg4 Rxg4 49. Kb4 Rg6 50. Kb5 Nd7 51. Bc6 Ne5 52. Be4 Rf6 53. Rh5 Nd7 54. Bf5 Nc5 55. a4 Nb3 56. Be4 Nd4+ 57. Ka6 Kc7 58. Rh7+ Kd6 59. Rh5 Kc7 60. a5 Nb3 61. Rh7+ Kd6 62. Kxb6 Ke5+ 63. Bc6 Nxa5 64. Kxa5 Rxc6 65. Kb5 Rc8 66. c5 Ke6 67. c6 Rb8+ 68. Kc5 Rb1 69. Rd7 Rb2 70. Rd1 Ke7 71. c7 Rc2+ 72. Kb6 Rb2+ 73. Kc6 Rc2+ 74. Kb7 Rb2+ 75. Kc8 Rc2 76. Re1+ Kf7 77. Rb1 Ke7 78. Kb8 Kf6 1-0

[Event "Asia-ch U20"]
[Site "Waskaduwa"]
[Date "2025.06.28"]
[Round "2"]
[White "Karunasena, AP Chenitha SD"]
[Black "Aswath, S."]
[Result "0-1"]
[WhiteElo "1959"]
[BlackElo "2507"]
[PlyCount "116"]
[EventDate "2025.06.27"]
[EventType "swiss"]
[EventRounds "9"]
[EventCountry "SRI"]
[SourceTitle "CB28_2025"]
[SourceDate "2025.07.09"]
[SourceVersion "1"]
[SourceVersionDate "2025.07.09"]
[SourceQuality "1"]

1. e4 c5 2. Nf3 d6 3. c4 e5 4. Nc3 Nc6 5. d3 g6 6. Nd5 Bg7 7. Be2 Nge7 8. Bg5 h6 9. Bd2 0-0 10. Qc1 Kh7 11. h4 f5 12. h5 g5 13. exf5 Nxf5 14. Be3 Ncd4 15. Bxd4 exd4 16. Nd2 Ne7 17. Nxe7 Qxe7 18. Qd1 Bf5 19. 0-0 Rae8 20. Re1 Qf7 21. Nf1 Kh8 22. Qd2 Be5 23. Bf3 b6 24. Ng3 Bf4 25. Qc2 Bxg3 26. fxg3 Re3 27. Rxe3 dxe3 28. Re1 Re8 29. Qc1 Qf6 30. Bc6 Re7 31. Be4 Bxe4 32. dxe4 Rxe4 33. Rxe3 Qd4 34. Kf2 Kg7 35. Kf3 g4+ 36. Ke2 Rxe3+ 37. Qxe3 Qxb2+ 38. Kf1 Qb1+ 39. Kf2 Qxa2+ 40. Kg1 Qa1+ 41. Kh2 Qe5 42. Qa3 Qxh5+ 43. Kg1 Qf7 44. Qd3 Qe6 45. Qa3 Qd7 46. Qc3+ Kf7 47. Qe3 Qe6 48. Qa3 Qe7 49. Qc1 Kg7 50. Qa1+ Kg8 51. Qd1 Qd7 52. Qd5+ Kf8 53. Qh5 Ke7 54. Qxh6 Kd8 55. Qf8+ Kc7 56. Qa8 Qa4 57. Qe4 Qa1+ 58. Kh2 Qh8+ 0-1

[Event "Dubai op-A 25th"]
[Site "Dubai"]
[Date "2025.05.31"]
[Round "5"]
[White "Panesar, Vedant"]
[Black "Aswath, S."]
[Result "0-1"]
[WhiteElo "2455"]
[BlackElo "2515"]
[PlyCount "120"]
[EventDate "2025.05.27"]
[EventType "swiss"]
[EventRounds "9"]
[EventCountry "UAE"]
[SourceTitle "CB23_2025"]
[SourceDate "2025.06.04"]
[SourceVersion "1"]
[SourceVersionDate "2025.06.04"]
[SourceQuality "1"]

1. e4 e6 2. d4 d5 3. Nc3 Nf6 4. e5 Nfd7 5. f4 c5 6. Nf3 Nc6 7. Be3 a6 8. Ne2 Be7 9. c3 0-0 10. h4 f6 11. Qc2 Qc7 12. Ng3 cxd4 13. cxd4 Qa5+ 14. Kd1 Nb4 15. Qb1 Qb6 16. Bg1 a5 17. a3 Nc6 18. Bd3 f5 19. Ne2 h5 20. Ng5 Nd8 21. Rh3 a4 22. Nc3 Nb8 23. Be2 g6 24. g4 hxg4 25. Bxg4 Nf7 26. Be2 Nc6 27. Nf3 Kg7 28. Qc2 Bd7 29. Bd3 Rh8 30. Qg2 Rh6 31. Be3 Na5 32. Rc1 Rc8 33. Rc2 Nc4 34. Bc1 Qb3 35. Qf1 b5 36. Nb1 Ne3+ 37. Bxe3 Rxc2 38. Bxc2 Qxe3 39. Nc3 b4 40. axb4 a3 41. Nd2 Qxd4 42. bxa3 Rxh4 43. Ne2 Qa1+ 44. Nb1 Nh6 45. Rc3 Ng4 46. Kc1 Bb5 47. Qe1 Rh2 48. Nd4 Bc4 49. Qg1 Bh4 50. Nxe6+ Kh6 51. Rxc4 dxc4 52. Qa7 Rh1+ 53. Kd2 Rh2+ 54. Kc1 Rh1+ 55. Kd2 Qb2 56. Qg7+ Kh5 57. Qh7+ Nh6 58. Ng7+ Kg4 59. Qxg6+ Kh3 60. Qxh6 Qd4+ 0-1

[Event "Dubai op-A 25th"]
[Site "Dubai"]
[Date "2025.05.27"]
[Round "1"]
[White "Zhang, Di"]
[Black "Aswath, S."]
[Result "1/2-1/2"]
[WhiteElo "2410"]
[BlackElo "2515"]
[PlyCount "64"]
[EventDate "2025.05.27"]
[EventType "swiss"]
[EventRounds "9"]
[EventCountry "UAE"]
[SourceTitle "CB23_2025"]
[SourceDate "2025.06.04"]
[SourceVersion "1"]
[SourceVersionDate "2025.06.04"]
[SourceQuality "1"]

1. e4 e6 2. d4 d5 3. e5 c5 4. c3 Qb6 5. Nf3 Nc6 6. a3 Nh6 7. Bd3 cxd4 8. 0-0 Nf5 9. b4 Bd7 10. Ra2 Rc8 11. Rc2 Nd8 12. cxd4 Ba4 13. Rxc8 Bxd1 14. Rxd1 Ne7 15. Ra8 Nec6 16. Nc3 Be7 17. Be3 a6 18. b5 axb5 19. Nxb5 0-0 20. Rb1 f6 21. exf6 gxf6 22. Bh6 Nf7 23. Bxf8 Bxf8 24. Nd6 Qc7 25. Nxf7 Kxf7 26. Bxh7 Kg7 27. Bd3 e5 28. dxe5 fxe5 29. Bb5 Qb6 30. Bd3 Qc7 31. Bb5 Qb6 32. Bd3 Qc7 1/2-1/2

[Event "Sharjah Masters-A 8th"]
[Site "Sharjah"]
[Date "2025.05.24"]
[Round "8"]
[White "Aswath, S."]
[Black "Ferreira, Jorge Viterbo"]
[Result "1-0"]
[WhiteElo "2515"]
[BlackElo "2537"]
[PlyCount "119"]
[EventDate "2025.05.17"]
[EventType "swiss"]
[EventRounds "9"]
[EventCountry "UAE"]
[SourceTitle "CB22_2025"]
[SourceDate "2025.05.28"]
[SourceVersion "1"]
[SourceVersionDate "2025.05.28"]
[SourceQuality "1"]

1. d4 Nf6 2. c4 e6 3. g3 Bb4+ 4. Bd2 Qe7 5. Bg2 Nc6 6. e3 e5 7. d5 Bxd2+ 8. Nxd2 Nb8 9. Ne2 d6 10. Nc3 0-0 11. 0-0 a5 12. a3 Bf5 13. e4 Bd7 14. b4 Na6 15. Rb1 axb4 16. axb4 Rfc8 17. Qe2 c5 18. dxc6 bxc6 19. Rb2 c5 20. b5 Nb4 21. Rc1 Bg4 22. Bf3 Be6 23. Nf1 Nd7 24. Ne3 Nb6 25. Bg4 Rd8 26. Bxe6 fxe6 27. Na2 Nxa2 28. Rxa2 Rxa2 29. Qxa2 Qb7 30. Qc2 Ra8 31. Qd1 Nc8 32. Qg4 Qf7 33. Qe2 Qb7 34. Qg4 Qf7 35. Rc2 Ra1+ 36. Kg2 h5 37. Qg5 Qb7 38. f3 Ra3 39. Kf2 Qe7 40. Qxh5 Nb6 41. h4 Nd7 42. Qg6 Nf8 43. Qg4 Qa7 44. f4 exf4 45. gxf4 Qa8 46. Qf3 Nd7 47. e5 Qd8 48. Qg4 Qe7 49. Qg5 Qf8 50. Ke2 Qa8 51. Kf2 dxe5 52. fxe5 Qe4 53. Rd2 Nxe5 54. Rd8+ Kf7 55. Qh5+ Ke7 56. Qe8+ Kf6 57. Nd5+ exd5 58. Rd6+ Kf5 59. Qh5+ Kf4 60. Qg5# 1-0

[Event "Sharjah Masters-A 8th"]
[Site "Sharjah"]
[Date "2025.05.21"]
[Round "5"]
[White "Aswath, S."]
[Black "Vescovi, Giovanni P"]
[Result "1-0"]
[WhiteElo "2515"]
[BlackElo "2584"]
[PlyCount "74"]
[EventDate "2025.05.17"]
[EventType "swiss"]
[EventRounds "9"]
[EventCountry "UAE"]
[SourceTitle "CB22_2025"]
[SourceDate "2025.05.28"]
[SourceVersion "1"]
[SourceVersionDate "2025.05.28"]
[SourceQuality "1"]

1. e4 c5 2. Nf3 d6 3. d4 cxd4 4. Nxd4 Nf6 5. Nc3 a6 6. Be2 e5 7. Nb3 Be7 8. Qd3 Be6 9. Bd2 Nbd7 10. Nd5 0-0 11. 0-0 Bxd5 12. exd5 Re8 13. a4 Bf8 14. a5 g6 15. c4 Rc8 16. Rac1 Bg7 17. Be3 h5 18. h3 Kh7 19. Ra1 Bh6 20. Bxh6 Kxh6 21. Nd2 e4 22. Qe3+ Kg7 23. b4 Re5 24. Ra3 Qe7 25. Qd4 Kh7 26. Re3 Re8 27. Bd1 Ng8 28. f4 exf3 29. Rexf3 f5 30. R3f2 Nh6 31. Ba4 Rd8 32. Bc2 Nf7 33. Nf3 Re3 34. Qf4 Nf6 35. Bxf5 gxf5 36. Qxf5+ Kg7 37. Nd4 Re2 1-0

[Event "Asia-ch"]
[Site "Al Ain"]
[Date "2025.05.13"]
[Round "7"]
[White "Aswath, S."]
[Black "Xu, Xiangyu"]
[Result "1/2-1/2"]
[WhiteElo "2515"]
[BlackElo "2623"]
[PlyCount "79"]
[EventDate "2025.05.07"]
[EventType "swiss"]
[EventRounds "9"]
[EventCountry "UAE"]
[SourceTitle "CB21_2025"]
[SourceDate "2025.05.21"]
[SourceVersion "1"]
[SourceVersionDate "2025.05.21"]
[SourceQuality "1"]

1. e4 c5 2. Nc3 Nc6 3. Nf3 g6 4. d4 cxd4 5. Nxd4 Bg7 6. Be3 Nf6 7. Bc4 0-0 8. Bb3 d5 9. exd5 Na5 10. Qf3 Nxb3 11. axb3 Bg4 12. Qg3 Bh5 13. f3 Nxd5 14. Nxd5 Qxd5 15. 0-0-0 Rac8 16. Kb1 Rfd8 17. Rd2 Rd6 18. Rhd1 Qa5 19. Qg5 Rc5 20. Qxe7 Ra6 21. c3 Bf8 22. Qxb7 g5 23. Rd3 Bg6 24. b4 Qa2+ 25. Kc1 Rd5 26. g4 Rad6 27. Qc8 Rd8 28. Qc7 h6 29. f4 gxf4 30. Qxf4 Bxb4 31. cxb4 Rc8+ 32. Kd2 Bxd3 33. Kxd3 Qc4+ 34. Ke4 Rxd4+ 35. Rxd4 Qc6+ 36. Rd5 Qc4+ 37. Rd4 Qc6+ 38. Rd5 Qc4+ 39. Bd4 Qe2+ 40. Be3 1/2-1/2

[Event "Asia-ch"]
[Site "Al Ain"]
[Date "2025.05.12"]
[Round "6"]
[White "Isanzhulov, Arystan"]
[Black "Aswath, S."]
[Result "0-1"]
[WhiteElo "2372"]
[BlackElo "2515"]
[PlyCount "118"]
[EventDate "2025.05.07"]
[EventType "swiss"]
[EventRounds "9"]
[EventCountry "UAE"]
[SourceTitle "CB21_2025"]
[SourceDate "2025.05.21"]
[SourceVersion "1"]
[SourceVersionDate "2025.05.21"]
[SourceQuality "1"]

1. e4 e6 2. d3 d5 3. Qe2 Nc6 4. Nf3 dxe4 5. dxe4 e5 6. g3 Nf6 7. Bg2 Bc5 8. 0-0 0-0 9. c3 a5 10. Nh4 Re8 11. h3 Be6 12. Kh2 Nd7 13. Nf5 Ne7 14. Ne3 c6 15. Nd2 Nf6 16. Nec4 Ng6 17. Nb3 Be7 18. Be3 a4 19. Nc5 Bc8 20. b3 b5 21. Nb2 Nd7 22. Nxd7 Qxd7 23. b4 Qc7 24. Nd3 Be6 25. Rfd1 Bc4 26. Qc2 Nf8 27. Rd2 Nd7 28. Rad1 h6 29. Bf1 Red8 30. Qc1 Be6 31. a3 Nf6 32. f3 Bb3 33. Re1 Bc4 34. Red1 Nd7 35. Kg2 Bb3 36. Re1 Nb6 37. Nxe5 Rxd2+ 38. Qxd2 Rd8 39. Qf2 Qxe5 40. Bxb6 Qxc3 41. Bxd8 Bxd8 42. e5 Bd5 43. Re3 Qd4 44. Re1 Qc3 45. Re3 Qa1 46. Qe1 Qb2+ 47. Qe2 Qb1 48. Qe1 Qc2+ 49. Qe2 Qf5 50. Rd3 Bc7 51. Rxd5 cxd5 52. f4 Bb6 53. Qxb5 Qe4+ 54. Kh2 Qe3 55. Qe8+ Kh7 56. h4 Qg1+ 57. Kh3 Qxf1+ 58. Kg4 Qd1+ 59. Kh3 h5 0-1

[Event "Asia-ch Blitz"]
[Site "Al Ain"]
[Date "2025.05.10"]
[Round "9"]
[White "Aswath, S."]
[Black "Movahed, Sina"]
[Result "0-1"]
[WhiteElo "2515"]
[BlackElo "2518"]
[PlyCount "68"]
[EventDate "2025.05.10"]
[EventType "swiss (blitz)"]
[EventRounds "9"]
[EventCountry "UAE"]
[SourceTitle "CB20_2025"]
[SourceDate "2025.05.14"]
[SourceVersion "1"]
[SourceVersionDate "2025.05.14"]
[SourceQuality "1"]

1. d4 Nf6 2. Nf3 d5 3. Bf4 c5 4. e3 Nc6 5. Nbd2 Nh5 6. dxc5 Nxf4 7. exf4 g6 8. c3 Bh6 9. g3 0-0 10. Nb3 b6 11. Bb5 Qc7 12. 0-0 Bb7 13. Re1 e6 14. cxb6 Qxb6 15. Bxc6 Bxc6 16. Qd4 Qa6 17. Ne5 Bg7 18. Nc5 Qc8 19. b4 Qc7 20. a4 Rfc8 21. Rac1 Be8 22. c4 dxc4 23. Rxc4 Qe7 24. Rec1 Rd8 25. Qe4 Rd5 26. Rd4 Rad8 27. Rxd5 Rxd5 28. a5 Bb5 29. Nb3 Qd8 30. Kg2 Bxe5 31. fxe5 Rd1 32. Qf3 Bf1+ 33. Kg1 Be2+ 34. Kg2 Bxf3+ 0-1

[Event "Asia-ch Blitz"]
[Site "Al Ain"]
[Date "2025.05.10"]
[Round "7"]
[White "Aswath, S."]
[Black "Paravyan, David"]
[Result "1-0"]
[WhiteElo "2515"]
[BlackElo "2596"]
[PlyCount "55"]
[EventDate "2025.05.10"]
[EventType "swiss (blitz)"]
[EventRounds "9"]
[EventCountry "UAE"]
[SourceTitle "CB20_2025"]
[SourceDate "2025.05.14"]
[SourceVersion "1"]
[SourceVersionDate "2025.05.14"]
[SourceQuality "1"]

1. d4 d5 2. Nf3 Nf6 3. Bf4 Bf5 4. c4 e6 5. Qb3 Nbd7 6. e3 Be7 7. Nc3 0-0 8. h3 c5 9. Be2 cxd4 10. Nxd4 Nc5 11. Qd1 Bg6 12. 0-0 dxc4 13. Bxc4 Rc8 14. Qe2 Bd6 15. Rfd1 e5 16. Ndb5 exf4 17. Nxd6 Bh5 18. f3 Qb6 19. Nxc8 Rxc8 20. Kh1 Nce4 21. Nxe4 Nxe4 22. Qc2 Ng3+ 23. Kh2 Qc7 24. Rac1 Kh8 25. Bxf7 Qxc2 26. Rxc2 Rf8 27. Bxh5 Nxh5 28. exf4 1-0

[Event "Baku op-A"]
[Site "Baku"]
[Date "2025.05.04"]
[Round "7"]
[White "Aswath, S."]
[Black "Yonal, Timur"]
[Result "1-0"]
[WhiteElo "2515"]
[BlackElo "2249"]
[PlyCount "89"]
[EventDate "2025.04.28"]
[EventType "swiss"]
[EventRounds "9"]
[EventCountry "AZE"]
[SourceTitle "CB19_2025"]
[SourceDate "2025.05.07"]
[SourceVersion "1"]
[SourceVersionDate "2025.05.07"]
[SourceQuality "1"]

1. d4 d5 2. c4 e6 3. Nf3 Nf6 4. g3 dxc4 5. Bg2 a6 6. Ne5 Bb4+ 7. Nc3 Nd5 8. Bd2 Nb6 9. Ne4 Be7 10. Ba5 0-0 11. Rc1 Nd5 12. Nxc4 Nc6 13. Bc3 Bd7 14. 0-0 Be8 15. Be1 f6 16. e3 Bf7 17. a3 a5 18. Qe2 Qd7 19. Nc3 Rfc8 20. Nb5 Ra6 21. Rd1 Nb6 22. Nxb6 Rxb6 23. Nc3 Ra6 24. d5 exd5 25. Nxd5 Bd6 26. Bc3 Kf8 27. Qd3 Bg6 28. Qb5 Rb8 29. Rd2 Qe8 30. Nf4 Be4 31. Qc4 Bxg2 32. Kxg2 Qf7 33. Qe4 Kg8 34. Rfd1 Re8 35. Qf5 a4 36. Qb5 Rb8 37. Nd5 Ne7 38. Nxc7 Bxc7 39. Rd7 Bd6 40. R1xd6 Rxd6 41. Rxd6 Qe8 42. Qc4+ Kh8 43. Rxf6 Rc8 44. Qf7 gxf6 45. Bxf6# 1-0

[Event "Karlsruhe Grenke op"]
[Site "Karlsruhe"]
[Date "2025.04.21"]
[Round "8"]
[White "Aswath, S."]
[Black "Amar, Elham"]
[Result "1/2-1/2"]
[WhiteElo "2466"]
[BlackElo "2546"]
[PlyCount "114"]
[EventDate "2025.04.17"]
[EventType "swiss"]
[EventRounds "9"]
[EventCountry "GER"]
[SourceTitle "CB17_2025"]
[SourceDate "2025.04.23"]
[SourceVersion "1"]
[SourceVersionDate "2025.04.23"]
[SourceQuality "1"]

1. d4 Nf6 2. Nf3 d5 3. Bf4 c5 4. e3 Nc6 5. Nbd2 e6 6. c3 Nh5 7. Be5 f6 8. Bg3 g6 9. Be2 cxd4 10. cxd4 Be7 11. a3 a5 12. 0-0 0-0 13. Rc1 a4 14. Nb1 Qb6 15. Nc3 Nxg3 16. hxg3 Qb3 17. Nd2 Qxd1 18. Bxd1 Na5 19. Bxa4 Rd8 20. Bb5 e5 21. Na4 Be6 22. Nb6 Rab8 23. b4 Nc6 24. Bxc6 bxc6 25. Rxc6 Bf7 26. Rfc1 Be8 27. Nc8 Bf8 28. Rc7 Bd7 29. Na7 Bd6 30. Nb3 Bxc7 31. Rxc7 Be8 32. Nc5 Kh8 33. Kf1 h5 34. Ke1 exd4 35. exd4 g5 36. f4 gxf4 37. gxf4 f5 38. g3 Rb6 39. Kf2 Ra8 40. Kg2 Rg6 41. Rc8 Rxc8 42. Nxc8 h4 43. Kh3 hxg3 44. Kg2 Rg7 45. Nd6 Bh5 46. Nxf5 Bf3+ 47. Kg1 Rf7 48. Nxg3 Rxf4 49. Ne6 Rf6 50. Nc5 Rf4 51. b5 Rxd4 52. Kf2 Rc4 53. Nd7 Bg4 54. Ne5 Rc2+ 55. Ke3 Rc3+ 56. Kd4 Rxg3 57. Nxg4 Rxg4+ 1/2-1/2

[Event "Noisiel op 10th"]
[Site "Noisiel"]
[Date "2025.04.13"]
[Round "4"]
[White "Aswath, S."]
[Black "Fedorchuk, Sergey A"]
[Result "1/2-1/2"]
[WhiteElo "2466"]
[BlackElo "2563"]
[PlyCount "37"]
[EventDate "2025.04.12"]
[EventType "swiss"]
[EventRounds "9"]
[EventCountry "FRA"]
[SourceTitle "CB17_2025"]
[SourceDate "2025.04.23"]
[SourceVersion "1"]
[SourceVersionDate "2025.04.23"]
[SourceQuality "1"]

1. e4 e5 2. Nf3 Nc6 3. Bc4 Bc5 4. d3 Nf6 5. c3 a6 6. 0-0 d6 7. Re1 Ba7 8. a4 h6 9. Nbd2 0-0 10. h3 Re8 11. b4 Be6 12. Bxe6 Rxe6 13. Qc2 Qd7 14. Nf1 Rd8 15. b5 Ne7 16. c4 Ng6 17. Ng3 Nh7 18. Be3 Bxe3 19. fxe3 1/2-1/2

[Event "Titled Tuesday intern op 01st Apr Early"]
[Site "Chess.com INT"]
[Date "2025.04.01"]
[Round "9"]
[White "Aswath, S."]
[Black "Palczert, Matyas"]
[Result "1-0"]
[WhiteElo "2469"]
[BlackElo "2434"]
[PlyCount "73"]
[EventDate "2025.04.01"]
[EventType "swiss (blitz)"]
[EventRounds "11"]
[EventCountry "USA"]
[SourceTitle "CB15_2025"]
[SourceDate "2025.04.09"]
[SourceVersion "1"]
[SourceVersionDate "2025.04.09"]
[SourceQuality "1"]

1. b3 d5 2. Bb2 Bg4 3. f3 Bh5 4. Nh3 Bg6 5. Nf4 e6 6. g3 Nf6 7. Bg2 Bd6 8. Nxg6 hxg6 9. f4 Nc6 10. e3 Qe7 11. c4 0-0-0 12. 0-0 Kb8 13. Qe2 Bc5 14. d4 Bb6 15. c5 Bxc5 16. dxc5 Qxc5 17. Rc1 Qb6 18. Nd2 Ng4 19. Nf1 f5 20. Bxg7 Rh7 21. Bb2 d4 22. Rd1 dxe3 23. Rxd8+ Nxd8 24. Rd1 Kc8 25. Bd4 Qa5 26. Nxe3 Nxh2 27. Bf6 Nf7 28. Nc4 Qc5+ 29. Bd4 Qe7 30. Bxb7+ Kxb7 31. Na5+ Ka8 32. Qg2+ c6 33. Qxc6+ Kb8 34. Bc5 Nf3+ 35. Kf2 Rh2+ 36. Kxf3 Qf6 37. Qb7# 1-0

[Event "Titled Tuesday intern op 01st Apr Early"]
[Site "Chess.com INT"]
[Date "2025.04.01"]
[Round "6"]
[White "Bournel, Antoine"]
[Black "Aswath, S."]
[Result "0-1"]
[WhiteElo "2423"]
[BlackElo "2469"]
[PlyCount "92"]
[EventDate "2025.04.01"]
[EventType "swiss (blitz)"]
[EventRounds "11"]
[EventCountry "USA"]
[SourceTitle "CB15_2025"]
[SourceDate "2025.04.09"]
[SourceVersion "1"]
[SourceVersionDate "2025.04.09"]
[SourceQuality "1"]

1. e4 c5 2. d4 cxd4 3. Nf3 d6 4. c3 dxc3 5. Nxc3 Nc6 6. Bc4 a6 7. 0-0 Nf6 8. e5 dxe5 9. Qxd8+ Nxd8 10. Nxe5 b5 11. Nxb5 axb5 12. Bxb5+ Nd7 13. Rd1 Ra7 14. Be3 Rb7 15. Rac1 Rxb5 16. Rxc8 Rxe5 17. Bb6 Re1+ 18. Rxe1 Nxb6 19. Rb8 Nd7 20. Rb5 e6 21. a4 Bd6 22. Rd1 Ke7 23. a5 Nc6 24. a6 Ra8 25. Ra1 Nc5 26. b4 Rxa6 27. Rxa6 Nxa6 28. Rb7+ Nc7 29. b5 Nd8 30. Ra7 Kf6 31. b6 Nd5 32. Rd7 Bc5 33. Rxd8 Bxb6 34. Rh8 h6 35. g3 Nc3 36. Kg2 Ne4 37. f3 Nd6 38. Rb8 Bc5 39. Rb3 h5 40. Rd3 Nf5 41. Rc3 Bd4 42. Rc7 Ne3+ 43. Kh1 g5 44. Rd7 Bb6 45. Rb7 Nd5 46. Kg2 g4 0-1

[Event "Titled Tuesday intern op 01st Apr Early"]
[Site "Chess.com INT"]
[Date "2025.04.01"]
[Round "5"]
[White "Menahem, Adi"]
[Black "Aswath, S."]
[Result "1/2-1/2"]
[WhiteElo "2199"]
[BlackElo "2469"]
[PlyCount "107"]
[EventDate "2025.04.01"]
[EventType "swiss (blitz)"]
[EventRounds "11"]
[EventCountry "USA"]
[SourceTitle "CB15_2025"]
[SourceDate "2025.04.09"]
[SourceVersion "1"]
[SourceVersionDate "2025.04.09"]
[SourceQuality "1"]

1. c4 e5 2. b3 Nc6 3. Bb2 Nf6 4. e3 d5 5. cxd5 Nxd5 6. a3 Be6 7. Qc2 Qd7 8. Nf3 f6 9. Be2 0-0-0 10. Nc3 g5 11. d3 h5 12. Nd2 h4 13. Nde4 Be7 14. Nxd5 Bxd5 15. 0-0-0 h3 16. gxh3 f5 17. Nc5 Bxc5 18. Qxc5 Bxh1 19. Rxh1 Rxh3 20. Bxe5 Nxe5 21. Qxe5 Qc6+ 22. Kd2 Qxh1 23. Qxf5+ Kb8 24. Qxh3 Qb1 25. Qe6 Qb2+ 26. Ke1 a6 27. Qc4 Qxa3 28. d4 Qd6 29. h3 Qh2 30. Bg4 Rf8 31. Qe2 Rf6 32. d5 Qe5 33. Qd3 Qa1+ 34. Bd1 Qb2 35. Be2 b5 36. e4 Qc1+ 37. Bd1 Qf4 38. f3 Qg3+ 39. Kd2 Qf2+ 40. Be2 Qc5 41. Qc3 Qxc3+ 42. Kxc3 Rh6 43. Bf1 Kc8 44. Kd4 Kd7 45. e5 Rh4+ 46. Kd3 Ke7 47. Bg2 a5 48. Bf1 a4 49. bxa4 bxa4 50. Kc3 Rf4 51. Be2 Rh4 52. Bf1 Kd7 53. Bb5+ Ke7 54. Bf1 1/2-1/2

[Event "Titled Tuesday intern op 01st Apr Early"]
[Site "Chess.com INT"]
[Date "2025.04.01"]
[Round "3"]
[White "Ter Sahakyan, Samvel"]
[Black "Aswath, S."]
[Result "1-0"]
[WhiteElo "2611"]
[BlackElo "2469"]
[PlyCount "87"]
[EventDate "2025.04.01"]
[EventType "swiss (blitz)"]
[EventRounds "11"]
[EventCountry "USA"]
[SourceTitle "CB15_2025"]
[SourceDate "2025.04.09"]
[SourceVersion "1"]
[SourceVersionDate "2025.04.09"]
[SourceQuality "1"]

1. d4 Nf6 2. c4 e6 3. Nf3 d5 4. Nc3 c6 5. Bg5 Nbd7 6. e3 Qa5 7. cxd5 Nxd5 8. Rc1 Nxc3 9. bxc3 Ba3 10. Rc2 b6 11. Be2 Ba6 12. 0-0 Bxe2 13. Rxe2 0-0 14. e4 c5 15. d5 Qb5 16. Be7 Rfe8 17. d6 e5 18. Nh4 g6 19. f4 exf4 20. Rxf4 c4 21. Kh1 Ne5 22. Nf3 Nd3 23. Rh4 Rxe7 24. dxe7 Bxe7 25. Rg4 Rd8 26. Qf1 Bf6 27. e5 Bxe5 28. Nxe5 Nxe5 29. Rge4 Nd3 30. h3 Qd5 31. Qf6 Rf8 32. Re8 Qc5 33. Rxf8+ Qxf8 34. Re7 Nc5 35. Qe5 Ne6 36. Rb7 Qc5 37. Rb8+ Nf8 38. Qxc5 bxc5 39. Ra8 Kg7 40. Rxa7 Ne6 41. a4 Kf6 42. a5 Ng5 43. a6 Ne4 44. Rc7 1-0